|
|
|
|
| LEADER |
01079nam a2200289 a 4500 |
| 001 |
c000139659 |
| 003 |
CARM |
| 005 |
00000000000000.0 |
| 008 |
730424s1974 mdua b 00110 eng |
| 019 |
1 |
|
|a 503120
|5 LACONCORD2021
|
| 020 |
|
|
|a 0683027719
|
| 035 |
|
|
|a (OCoLC)624028
|5 LACONCORD2021
|
| 040 |
|
|
|d NNCU
|
| 050 |
0 |
0 |
|a RD81
|b .E33
|
| 060 |
|
|
|a QV81 E29a 1973
|
| 082 |
1 |
|
|a 617/.96
|2 19
|
| 100 |
1 |
|
|a Eger, Edmond I.,
|d 1930-
|
| 245 |
1 |
0 |
|a Anesthetic uptake and action /
|c by Edmond I. Eger, II.
|
| 260 |
|
|
|a Baltimore :
|b Williams & Wilkins,
|c c1974.
|
| 300 |
|
|
|a x, 371 p. :
|b ill. ;
|c 24 cm.
|
| 500 |
|
|
|a "Special chapters have been contributed ... by Ralph A. Epstein ... [et al.]"
|
| 504 |
|
|
|a Includes bibliographical references.
|
| 650 |
|
0 |
|a Anesthetics
|x Physiological effect.
|
| 650 |
|
2 |
|a Anesthetics
|x Pharmacokinetics.
|
| 852 |
8 |
|
|b CARM
|h A2:AD32A0
|i B00004
|p 0000055
|f BK
|
| 999 |
f |
f |
|i 2422cb15-1e07-56fb-9918-516e8e7f2f86
|s 2943257b-b389-5cb9-8411-28e64195d3c5
|
| 952 |
f |
f |
|p Can circulate
|a CAVAL
|b CAVAL
|c CAVAL
|d CARM 1 Store
|e B00004
|f A2:AD32A0
|h Other scheme
|i book
|m 0000055
|